| 000 | 00775nam a22001577a 4500 | ||
|---|---|---|---|
| 003 | OSt | ||
| 005 | 20150924151013.0 | ||
| 008 | 150924b xxu||||| |||| 00| 0 eng d | ||
| 040 | _cRUA | ||
| 082 | _aAGR PRO 2012 B051 Or.1 | ||
| 100 |
_91266 _aPROM, SREYNON. |
||
| 245 | _aStudy on technical weed management on IR 66 in dry season in angkorchhey district kampot province សិក្សាលើបច្ចេកទេសគ្រប់គ្រងស្មៅចង្រៃលើ់ដំណាំស្រូវអ៊ីអ៊ែរ ៦៦ លក្ខខណ្ឌរដូវប្រាំង ក្នុងស្រុកអង្គរជ័យ ខេត្ដកំពត | ||
| 260 |
_aPhnom Penh _bRUA _c2012 |
||
| 300 |
_axiii; 61p. _bill. _c29cm. |
||
| 942 |
_2ddc _cAGR |
||
| 999 |
_c1198 _d1198 |
||